La circulación de los avatares (Record no. 165870)

MARC details
000 -CABECERA
campo de control de longitud fija 00544nab a2200217 a 4500
005 - FECHA Y HORA DE LA ÚLTIMA TRANSACCIÓN
campo de control 20210219161902.0
008 - ELEMENTOS DE LONGITUD FIJA--INFORMACIÓN GENERAL
campo de control de longitud fija 991125s1985 mx 000 0 spa u
035 ## - NÚMERO DE CONTROL DEL SISTEMA
Número de control de sistema UPN01000193769
100 1# - ASIENTO PRINCIPAL--NOMBRE PERSONAL
Nombre de persona Lapierre, Nicole
222 ## - TÍTULO CLAVE
Título clave ARGUMENTOS :
222 ## - TÍTULO CLAVE
Información calificativa ESTUDIOS CRITICOS DE LA SOCIEDAD
245 ## - MENCIÓN DE TÍTULO
Título La circulación de los avatares
260 ## - PUBLICACIÓN, DISTRIBUCIÓN, ETC.
Lugar de publicación, distribución, etc. México
300 ## - DESCRIPCIÓN FÍSICA
Extensión 29-35
362 0# - FECHAS DE PUBLICACIÓN Y/O DESIGNACIÓN SECUENCIAL
Fecha de publicación y/o designación secuencial 2012 No. 68, ene.-abr.
653 0# - TERMINO DE INDIZACION - NO CONTROLADO
Término no controlado INTERNET
653 0# - TERMINO DE INDIZACION - NO CONTROLADO
Término no controlado AVATAR
653 0# - TERMINO DE INDIZACION - NO CONTROLADO
Término no controlado INFORMATICA
653 0# - TERMINO DE INDIZACION - NO CONTROLADO
Término no controlado CIBERCULTURA
905 ## - TIPO DE MATERIAL
Tipo de material Articulo

No items available.